East African Mammals. (Record no. 3804)

MARC details
000 -LEADER
fixed length control field 00543nam a22001937a 4500
003 - CONTROL NUMBER IDENTIFIER
control field OSt
005 - DATE AND TIME OF LATEST TRANSACTION
control field 20160427140615.0
008 - FIXED-LENGTH DATA ELEMENTS--GENERAL INFORMATION
fixed length control field 160427b xxu||||| |||| 00| 0 eng d
020 ## - INTERNATIONAL STANDARD BOOK NUMBER
International Standard Book Number 0226437205
040 ## - CATALOGING SOURCE
Transcribing agency DDC.
082 ## - DEWEY DECIMAL CLASSIFICATION NUMBER
Classification number 599.09KIN 1979.
100 ## - MAIN ENTRY--PERSONAL NAME
Personal name Kingdon,Jonathan;
9 (RLIN) 8361
245 ## - TITLE STATEMENT
Title East African Mammals.
Remainder of title An Atlas of Evolution in Africa.
260 ## - PUBLICATION, DISTRIBUTION, ETC. (IMPRINT)
Place of publication, distribution, etc. Chicago.
Name of publisher, distributor, etc. University of Chicago Press.
Date of publication, distribution, etc. 1979.
300 ## - PHYSICAL DESCRIPTION
Extent ix,blvii;
Other physical details ill;
Dimensions 30cm.
504 ## - BIBLIOGRAPHY, ETC. NOTE
Bibliography, etc includes index.
650 ## - SUBJECT ADDED ENTRY--TOPICAL TERM
Topical term or geographic name as entry element Hares and Rodents
9 (RLIN) 8362
942 ## - ADDED ENTRY ELEMENTS (KOHA)
Source of classification or shelving scheme Dewey Decimal Classification
Koha item type Short Loan
Holdings
Withdrawn status Lost status Source of classification or shelving scheme Damaged status Not for loan Home library Current library Date acquired Source of acquisition Inventory number Total Checkouts Full call number Barcode Date last seen Price effective from Koha item type
    Dewey Decimal Classification     MUST Main Library MUST Main Library 27/04/2016   03/19960.   599.09KIN 1979. 2016-1460 27/04/2016 27/04/2016 Short Loan
    Dewey Decimal Classification     MUST Main Library MUST Main Library 27/04/2016   03/19962   599.09KIN 1979. 2016-1461 27/04/2016 27/04/2016 Short Loan
    Dewey Decimal Classification     MUST Main Library MUST Main Library 27/04/2016   03/19047   599.09KIN 1979. 2016-1462 27/04/2016 27/04/2016 Short Loan
    Dewey Decimal Classification     MUST Main Library MUST Main Library 27/04/2016   03/19954   599.09KIN 1979. 2016-1463 27/04/2016 27/04/2016 Short Loan
    Dewey Decimal Classification     MUST Main Library MUST Main Library 27/04/2016   03/19958.   599.09KIN 1979. 2016-1464 27/04/2016 27/04/2016 Short Loan
    Dewey Decimal Classification     MUST Main Library MUST Main Library 10/05/2016   03/19044   599.09KIN 1979. 2016-1744 10/05/2016 10/05/2016 Short Loan